A glossary of terms applicable in the science of fire protection /

Bibliographic Details
Main Author: McCamy, C. S.
Corporate Author: United States. National Bureau of Standards
Format: Government Document Book
Language:English
Published: Gaithersburg, MD : U.S. Dept. of Commerce, National Institute of Standards and Technology, 1957.
Series:NBS report ; 5461.
Subjects:
Online Access:https://purl.fdlp.gov/GPO/gpo97936

MARC

Tag First Indicator Second Indicator Subfields
LEADER 00000cam a2200000Ia 4500
001 in00004062007
005 20211120102247.0
008 160829s1957 mdu ob f000 0 eng d
024 8 |a GOVPUB-C13-531a3affa849b4b9befda3f7c9e1776b 
035 |a (OCoLC)ocn957470498 
040 |a NBS  |b eng  |e rda  |c NBS  |d OCLCO  |d OCLCQ  |d OCLCF  |d MvI 
049 |a WWW 
074 |a 9999 (online) 
086 0 |a C 13.38:5461 
100 1 |a McCamy, C. S. 
245 1 2 |a A glossary of terms applicable in the science of fire protection /  |c C.S. McCamy. 
264 1 |a Gaithersburg, MD :  |b U.S. Dept. of Commerce, National Institute of Standards and Technology,  |c 1957. 
300 |a 1 online resource. 
336 |a text  |b txt  |2 rdacontent 
337 |a computer  |b c  |2 rdamedia 
338 |a online resource  |b cr  |2 rdacarrier 
490 1 |a NBS report ;  |v 5461 
500 |a 1957. 
500 |a Contributed record: Metadata reviewed, not verified. Some fields updated by batch processes. 
500 |a Title from PDF title page. 
504 |a Includes bibliographical references. 
650 0 |a Fire extinction  |v Glossaries, vocabularies, etc. 
655 7 |a Glossaries, vocabularies, etc.  |2 fast  |0 (OCoLC)fst01423786 
700 1 |a McCamy, C. S. 
710 1 |a United States.  |b National Bureau of Standards. 
830 0 |a NBS report ;  |v 5461. 
856 4 0 |u https://purl.fdlp.gov/GPO/gpo97936  |t 0 
999 f f |s 410262bb-e616-33d2-9b09-ee89c6303799  |i d6392453-e0b8-3fa0-af6c-86f7fbedac21  |t 0 
952 f f |a Texas A&M University  |b College Station  |c Electronic Resources  |d Available Online  |t 0  |e C 13.38:5461  |h Superintendent of Documents classification 
998 f f |a C 13.38:5461  |t 0  |l Available Online